书目信息 |
| 题名: |
高温超导物理
|
|
| 作者: | 韩汝珊 编著 | |
| 分册: | ||
| 出版信息: | 北京 北京大学出版社 1998.09 |
|
| 页数: | 336页 | |
| 开本: | 32开 | |
| 丛书名: | ||
| 单 册: | ||
| 中图分类: | ||
| 科图分类: | ||
| 主题词: | 高压物理学 , 高温物理学 | |
| 电子资源: | ||
| ISBN: | 7-301-03699-X | |
| 000 | 00586nam0 2200217 45 | |
| 001 | 9911161402 | |
| 005 | 20000729104202.4 | |
| 010 | @a7-301-03699-X@d19.00元 | |
| 100 | @a19991116d1998 km y0chiy0120 ea | |
| 101 | @achi | |
| 105 | @a z 000yy | |
| 200 | 1 | @a高温超导物理@AGao Wen Chao Dao Wu Li@f韩汝珊编著@FHan Ru Shan Bian Zhu |
| 210 | @a北京@c北京大学出版社@d1998.09 | |
| 215 | @a336页@d32开 | |
| 606 | 0 | @a高压物理学 |
| 606 | 0 | @a高温物理学 |
| 690 | @v3 | |
| 690 | @aO522@v3 | |
| 701 | @a韩汝珊@4编著 | |
| 801 | @aCN@bPFTUser@c19991116 | |
| 905 | @dO522@eH793@b82154-163@f10 | |
| 高温超导物理/韩汝珊编著.-北京:北京大学出版社,1998.09 |
| 336页;32开 |
| ISBN 7-301-03699-X:19.00元 |
| ● |
| 相关链接 |
|
|
|
正题名:高温超导物理
索取号:O522/H793
 
预约/预借
| 序号 | 登录号 | 条形码 | 馆藏地/架位号 | 状态 | 备注 |
| 1 | 82154 | 200821548 | 自科库401/401自科库 59排4列1层/ [索取号:O522/H793] | 在馆 | |
| 2 | 82155 | 200821557 | 自科库401/401自科库 59排4列1层/ [索取号:O522/H793] | 在馆 | |
| 3 | 82156 | 200821566 | 自科库401/401自科库 59排4列1层/ [索取号:O522/H793] | 在馆 | |
| 4 | 82157 | 200821575 | 自科库401/401自科库 59排4列1层/ [索取号:O522/H793] | 在馆 | |
| 5 | 82158 | 200821584 | 自科库401/401自科库 59排4列1层/ [索取号:O522/H793] | 在馆 | |
| 6 | 82159 | 200821593 | 自科库401/401自科库 59排4列1层/ [索取号:O522/H793] | 在馆 | |
| 7 | 82160 | 200821600 | 自科库401/401自科库 59排4列1层/ [索取号:O522/H793] | 在馆 | |
| 8 | 82161 | 200821619 | 自科库401/401自科库 59排4列1层/ [索取号:O522/H793] | 在馆 | |
| 9 | 82162 | 200821628 | 自科库401/401自科库 59排4列1层/ [索取号:O522/H793] | 在馆 | |
| 10 | 82163 | 200821637 | 自科库401/401自科库 59排4列1层/ [索取号:O522/H793] | 在馆 |